00201nam a22000857a 4500082001400000100002000014245004100034260003300075300000700108 a547.2 CAD aCadogan ,J.I.G. aPrinciples of Free Radical Chemistry aLondonbThe Chemical Society a83